00423nam a2200121Ia 4500003000400000005001700004008004100021040001800062041000800080100004700088245012300135260004300258OSt20260119122820.0211028s2013 xx 000 0 und d cAIMIT LIBRARY aeng aMoger, Radha; Mascrenhas, Oswald.g1116126 aStudy on various factors leading to decrease in sale of mahindra xylo with reference to Karnataka agencies Mangalore / aMangalorebFr. Oswald Mascrenhasc2013